Albrecht Dürer (Record no. 4708)

MARC details
000 -CABECERA
campo de control de longitud fija 00782nam a2200241 a 4500
001 - NÚMERO DE CONTROL
campo de control BRCA_5014
005 - FECHA Y HORA DE LA ÚLTIMA TRANSACCIÓN
campo de control 20190320204913.0
008 - DATOS DE LONGITUD FIJA--INFORMACIÓN GENERAL
campo de control de longitud fija 291010s1936----au-a######---#000-0#ger-#
041 ## - CÓDIGO DE LENGUA
Código de lengua del texto/banda sonora o título independiente ger
044 ## - CÓDIGO DEL PAÍS DE LA ENTIDAD EDITORA/PRODUCTORA
Código MARC del país au
050 #4 - SIGNATURA TOPOGRÁFICA DE LA BIBLIOTECA DEL CONGRESO
Número de clasificación ND588.D8
Número de documento/Ítem .J87 1936
100 1# - ENTRADA PRINCIPAL--NOMBRE DE PERSONA
Nombre de persona Juraschef, Franz von
9 (RLIN) 12793
245 10 - MENCIÓN DE TÍTULO
Título Albrecht Dürer
Resto del título Gemalde Kupferstiche Holzscnitte Handzeichnungen
Mención de responsabilidad, etc. herausgebeben von Dr. Franz von Juraschef.
260 ## - PUBLICACIÓN, DISTRIBUCIÓN, ETC.
Lugar de publicación, distribución, etc. Viena, Austria
Nombre del editor, distribuidor, etc. Krystall
Fecha de publicación, distribución, etc. 1936
300 ## - DESCRIPCIÓN FÍSICA
Extensión 61 p.
Otras características físicas il. (algunas a color)
Dimensiones 31 cm.
500 ## - NOTA GENERAL
Nota general Incluye 331 ilustraciones en su mayor parte del tamaño del original
500 ## - NOTA GENERAL
Nota general D113
600 14 - PUNTO DE ACCESO ADICIONAL DE MATERIA--NOMBRE DE PERSONA
Nombre de persona Durero, Alberto
Fechas asociadas al nombre 1471-1528
9 (RLIN) 10301
650 14 - PUNTO DE ACCESO ADICIONAL DE MATERIA--TÉRMINO DE MATERIA
Término de materia o nombre geográfico como elemento de entrada Pintores alemanes
9 (RLIN) 797
650 14 - PUNTO DE ACCESO ADICIONAL DE MATERIA--TÉRMINO DE MATERIA
Término de materia o nombre geográfico como elemento de entrada Grabadores alemanes
9 (RLIN) 7216
902 ## - CATALOGADOR
Iniciales GFM
942 ## - ELEMENTOS DE PUNTO DE ACCESO ADICIONAL (KOHA)
Fuente del sistema de clasificación o colocación Library of Congress Classification
Tipo de ítem Koha Libros
Holdings
Estado de retiro Estado de pérdida Estado dañado No para préstamo Localización permanente Ubicación/localización actual Fecha de adquisición Número de inventario Total de préstamos Signatura topográfica completa Código de barras Fecha visto por última vez Precio válido a partir de Tipo de ítem Koha
El ejemplar forma parte de la colección y puede ser consultado según las políticas vigentes.       Biblioteca del Museo Franz Mayer (Rogerio Casas-Alatriste) Biblioteca del Museo Franz Mayer (Rogerio Casas-Alatriste) 29/10/2010 D113   ND588.D8 .J87 1936 (D113) 5102 22/03/2019 22/03/2019 Libros